|
|
|
|
| LEADER |
01652nam a2200265 i 4500 |
| 003 |
GR-PaULI |
| 005 |
20231020090839.0 |
| 008 |
200609t2011 gr af||g |||| 000 0 gre d |
| 952 |
|
|
|0 0
|1 0
|2 ddc
|4 0
|6 370_115000000000000_ΕΚΠ
|7 0
|9 241011
|a LISA
|b LISA
|c BSC
|d 2020-06-09
|i 15645
|l 0
|o 370.115 ΕΚΠ
|p 025000267847
|r 2020-06-09 00:00:00
|t 1
|w 2020-06-09
|y BK15
|
| 952 |
|
|
|0 0
|1 0
|2 ddc
|4 0
|6 370_115000000000000_ΕΚΠ
|7 0
|9 241067
|a LISP
|b LISP
|c BSC
|d 2020-06-11
|i 123273
|l 3
|m 1
|o 370.115 ΕΚΠ
|p 025000256252
|q 2025-04-10
|r 2025-03-20 18:34:47
|s 2025-03-20
|t 2
|w 2020-06-11
|y BK15
|
| 999 |
|
|
|c 145399
|d 145399
|
| 020 |
|
|
|a 9789609541398
|
| 040 |
|
|
|a GR-PaULI
|b gre
|c GR-PaULI
|d GR-AiPI
|e AACR2
|
| 082 |
0 |
4 |
|a 370.115
|2 23
|
| 245 |
0 |
0 |
|a Εκπαίδευση, δημοκρατία και ανθρώπινα δικαιώματα /
|c εισαγωγή - επιμέλεια Βασίλειος Δ. Οικονομίδης, Θεόδωρος Γ. Ελευθεράκης ; πρόλογος Σήφης Μπουζάκης.
|
| 260 |
|
|
|a Αθήνα :
|b Διάδραση,
|c c2011.
|
| 300 |
|
|
|a 333 σ. :
|b εικ. ;
|c 24 εκ.
|
| 504 |
|
|
|6 Περιλαμβάνει βιβλιογραφία.
|
| 650 |
|
4 |
|a Εκπαίδευση, Ανθρωπιστική
|9 108581
|
| 650 |
|
4 |
|9 48421
|a Ανθρώπινα δικαιώματα
|x Μελέτη και διδασκαλία.
|
| 700 |
1 |
|
|9 108099
|a Οικονομίδης, Βασίλειος Δ.
|e επιμελητής.
|
| 700 |
1 |
|
|9 91156
|a Ελευθεράκης, Θεόδωρος Γ.
|e επιμελητής.
|
| 700 |
1 |
|
|a Μπουζάκης, Σήφης
|d
|e συγγραφέας προλόγου.
|9 34575
|
| 942 |
|
|
|2 ddc
|c BK15
|
| 998 |
|
|
|c ΛΟΥΚΟΠΟΥΛΟΥ
|d 2020-06
|